Countries Most Similar To Argentina - Statistics

General Stats
  • This quiz has been taken 130 times
  • The average score is 16 of 20
Answer Stats
Rank Country Score % Correct
3 Brazil 75.0
99%
2 Chile 79.5
98%
6 Colombia 72.8
98%
5 Mexico 73.3
96%
1 Uruguay 81.3
96%
8 Bolivia 71.3
94%
4 Peru 73.5
94%
11 Spain 69.4
94%
8 Paraguay 71.3
93%
7 Venezuela 71.8
93%
10 Ecuador 71.1
91%
11 Portugal 69.4
86%
14 Panama 68.8
84%
11 Costa Rica 69.4
81%
17 Italy 67.0
80%
20 France 66.0
73%
18 El Salvador 66.6
57%
16 Dominican Republic 67.4
53%
19 Poland 66.1
19%
15 Romania 67.5
18%
No matching quizzes found
Score Distribution
Percent of People with Each Score
Percentile by Number Answered
Your Score History
You have not taken this quiz